000
00186 a2200097 4500
020
_a
9780545164382
041
_a
eng
100
_a
Lynn Maslen Kertell
245
_a
The Mix up
942
_c
K
999
_c
27832
_d
27832